00414nam a2200145Ia 4500008004100000020001500041041001200056082001600068100001800084245009300102260002500195300000800220650002100228700001900249221030s9999 xx 000 0 und d a8120327721 aEnglish a105.23bEsh aK. Eshraghian 0aEssentials of VLSI Circuits & Systems ( DEPARTMENTAL )cby K. Eshraghian, D. A. Pucknell bPHIaNew Delhic2005 a492 aECE Departmental aD. A. Pucknell